Score 0/14 Timer 02:00
0 Plays Today
Clue 4-Letter Word % Correct
College residenceDORM
94.3%
Chicken's homeCOOP
92.7%
What a farmer plantsCROP
87.1%
A military outpostFORT
86.8%
What properly tied laces makeLOOP
86.6%
1040-EZ or W-4, e.g.FORM
86.3%
Equipment for weavingLOOM
84.6%
Clue 4-Letter Word % Correct
Terminus of the legFOOT
83.9%
Early first-person shooter gameDOOM
83.2%
Performance or displaySHOW
82.6%
Grub or eatsCHOW
75.7%
Last film starring Brandon Lee, with 'The'CROW
75.5%
Winter covering for [Rung 2]BOOT
74.2%
Generic covering for [Rung 2]SHOE
71.3%

Today's Daily Dose

Remove Ads.
Support Sporcle.
Get the best of Sporcle when you Go Orange. This ad-free experience offers more features, more stats, and more fun while also helping to support Sporcle. Thank you for becoming a member.

You're not logged in!

Compare scores with friends on all Sporcle quizzes.
OR
Log In

Show Comments

Extras

Top Quizzes Today


Score Distribution

Your Account Isn't Verified!

In order to create a playlist on Sporcle, you need to verify the email address you used during registration. Go to your Sporcle Settings to finish the process.

Report this User

Report this user for behavior that violates our Community Guidelines.

Details: